000 00874nmm a2200265 a 4500
003 AR-BaBNM
005 20251128202832.0
008 106019s1972 ||||||||||||||000 | spa||
040 _cAR-BaBNM
100 1 _aColuccio, Félix
_d1911-2005
245 1 0 _aFiestas, celebraciones, recordaciones, mercados y ferias populares y/o tradicionales de la República Argentina
260 _aBuenos Aires
_bMinisterio de Cultura y Educación de la Nación
_c1972
300 0 _a250 p.
_bil.
500 0 _aIndice de las festividades
504 _aContiene bibliografía en p. 243-250
650 4 _aFESTIVIDADES
650 4 _aFIESTAS RELIGIOSAS
650 4 _aACTIVIDADES CULTURALES
650 4 _aCOSTUMBRES Y TRADICIONES
651 4 _aArgentina
700 1 _aRegis, Susana B.C. de
_ecolaborador
700 1 _aColuccio, Marta Isabel
_ecolaborador
942 _cBK
998 _cisola
999 _c806
_d806